000 01516nam a2200457 i 4500
001 22278
003 KOSZ 005
005 20210409145738.0
008 990506s1983 pl a |000 0 pol
015 _aUWD 1983/5891
020 _a8307007895
035 _a991009418079705066
035 _a(PL-WaBN)b12550541-48omnis_nlop
035 _ab12550541
035 _a(OCoLC)69639815
035 _azz2005801351
035 _a(PL)b0000001255054
035 _a(EXLNZ-48OMNIS_NETWORK)9910036241505606
040 _aWA N
_cWA N
_dKR U
_dKOSZ 005/HR
041 0 _apol
046 _k1983
080 _a338.1(091)
100 1 _aKula, Witold
_d(1916-1988)
_eAutor
245 1 0 _aHistoria, zacofanie, rozwój /
_cWitold Kula ; [współpraca przy przygot. wyboru Łukasz Kądziela].
260 _aWarszawa :
_b"Czytelnik",
_c1983.
300 _a323, [4] s. :
_b1 portr., wykr. ;
_c23 cm.
336 _aTekst
_btxt
_2rdacontent
337 _aBez urządzenia pośredniczącego
_bn
_2rdamedia
338 _aWolumin
_bnc
_2rdacarrier
380 _aKsiążki
388 _a1901-2000
500 _aStudia i eseje z l. 1941-1969.
650 7 _aHistoria gospodarcza
_2DBN
658 _aHistoria
658 _aGospodarka, ekonomia, finanse
700 1 _aKądziela, Łukasz
_d(1955-1997)
_eWybór
710 2 _aCzytelnik
_4pbl
856 _uhttp://koha.tu.koszalin.pl/cgi-bin/koha/opac-detail.pl?biblionumber=22278
_yKatalog online BPK
942 _2UKD
_cKS
999 _c22278
_d22278